[Event "Cesme op 4th"]
[Site "Cesme"]
[Date "2016.06.21"]
[Round "3"]
[White "Bekiragaoglu, Umut"]
[Black "Cebi, Omer Emir"]
[Result "1-0"]
[WhiteElo "1530"]
[BlackElo "1508"]
[PlyCount "99"]
[EventDate "2016.06.20"]
[EventType "swiss"]
[EventRounds "9"]
[EventCountry "TUR"]
[SourceTitle "CBM 173 Extra"]
[Source "ChessBase"]
[SourceDate "2016.08.29"]
[SourceVersion "1"]
[SourceVersionDate "2016.08.29"]
[SourceQuality "1"]

1. e4 d5 2. exd5 Qxd5 3. Nc3 Qd8 4. Bc4 Nf6 5. d3 Nc6 6. h3 h6 7. Nf3 e6 8. 0-0 Bc5 9. Be3 Bd6 10. d4 0-0 11. Qd2 Nh7 12. Rad1 Ne7 13. Rfe1 Nf5 14. Bf4 Bxf4 15. Qxf4 Qd6 16. Qxd6 cxd6 17. d5 e5 18. Ne4 Nf6 19. Nxf6+ gxf6 20. Nd2 Ng7 21. Ne4 Ne8 22. Ng3 f5 23. f4 f6 24. a3 Ng7 25. Be2 Bd7 26. Bd3 Rac8 27. Rc1 Kh8 28. Rf1 b5 29. b3 Rc3 30. Kh2 a6 31. fxe5 fxe5 32. Ne4 Rcc8 33. Nxd6 Rcd8 34. c4 bxc4 35. bxc4 Bb5 36. Nb7 Rb8 37. Nc5 Be8 38. Nxa6 Rb3 39. Nb4 Rxa3 40. c5 e4 41. Bxe4 Ra4 42. Rb1 Rf7 43. Bd3 Rb7 44. Nc2 Rxb1 45. Rxb1 f4 46. Rb8 Kg8 47. Bb5 Ra2 48. Bxe8 Nxe8 49. Rxe8+ Kf7 50. Re2 1-0